|
|
|
|
| LEADER |
01825nam a22003137a 4500 |
| 001 |
31934 |
| 003 |
BD-DhAAL |
| 005 |
20250318125216.0 |
| 008 |
171120r20232013bg ||||| |||| 00| 0 mul d |
| 020 |
|
|
|a 984060345X
|
| 040 |
|
|
|a BD-DhAAL
|d BD-DhAAL
|
| 082 |
|
|
|a 297.12
|2 23
|
| 245 |
|
|
|a আল-কুরআনুল করীম.
|
| 246 |
|
|
|a Al-quranul karim
|
| 250 |
|
|
|a প্রথম প্রকাশ ১৯৬৮.
|
| 260 |
|
|
|a ঢাকা :
|b ইসলামিক ফাউন্ডেশন,
|c ২০১৬ [পঁয়ষট্টিতম মুদ্রণ ২০২৩].
|
| 300 |
|
|
|a ১০৩৮ পৃষ্ঠা ;
|a ১০৬৪ পৃষ্ঠা :
|c ২২ সে.মি.
|
| 500 |
|
|
|a পঁয়ষট্টিতম মুদ্রণ
১০৬৪ পৃষ্ঠা
প্রথম প্রকাশ ১৯৬৮
Al-quranul karim
Rokomari.com
44224, 44225
|
| 526 |
|
|
|a AAL
|x Requisitioned by Ayesha Abed Library.
|
| 541 |
|
|
|a Development Book Agency
Rokomari.com
|e 31934, 44224, 44225
|
| 630 |
|
|
|a Qurʼan.
|
| 650 |
|
|
|a Qurʼan
|x Introductions.
|9 57980
|
| 650 |
|
|
|a Islam.
|
| 852 |
|
|
|a Ayesha Abed Library
|c General Stacks
|
| 942 |
|
|
|2 ddc
|c BK
|
| 999 |
|
|
|c 38582
|d 38582
|
| 952 |
|
|
|0 0
|1 0
|2 ddc
|4 0
|6 297_122000000000000_ALQ
|7 0
|9 61895
|a BRACUL
|b BRACUL
|c REF
|d 2017-11-20
|e Development Book Agency
|g 380.00
|l 0
|o 297.122 ALQ
|p 3010031934
|r 2017-11-20
|t 1
|w 2017-11-20
|y BK
|
| 952 |
|
|
|0 0
|1 0
|2 ddc
|4 0
|6 297_122000000000000_ALQ
|7 0
|9 77475
|a SCL
|b SCL
|c REF
|d 2025-03-18
|e Rokomari.com
|g 813.00
|l 0
|o 297.122 ALQ
|p 3020044225
|r 2025-12-30
|t 3
|v 813.00
|w 2025-03-18
|y BK
|x Requisitioned by Ayesha Abed Library.
|
| 952 |
|
|
|0 0
|1 0
|2 ddc
|4 0
|6 297_122000000000000_ALQ
|7 0
|9 77476
|a BRACUL
|b BRACUL
|c REF
|d 2025-03-18
|e Rokomari.com
|g 813.00
|l 0
|o 297.122 ALQ
|p 3010044224
|r 2025-03-18
|t 2
|v 813.00
|w 2025-03-18
|y BK
|x Requisitioned by Ayesha Abed Library.
|